Marriage and family in India/ (Record no. 17831)

MARC details
000 -LEADER
fixed length control field 00827cam a2200277u 4500
001 - CONTROL NUMBER
control field 10348037
003 - CONTROL NUMBER IDENTIFIER
control field BDDh-ASL
005 - DATE AND TIME OF LATEST TRANSACTION
control field 20231015025638.0
008 - FIXED-LENGTH DATA ELEMENTS--GENERAL INFORMATION
fixed length control field 821203s1966 ii a 000 0 eng
010 ## - LIBRARY OF CONGRESS CONTROL NUMBER
LC control number 66072272
040 ## - CATALOGING SOURCE
Original cataloging agency DLC
Transcribing agency CarP
Modifying agency BDDh-ASL
043 ## - GEOGRAPHIC AREA CODE
Geographic area code a-ii---
050 00 - LIBRARY OF CONGRESS CALL NUMBER
Classification number HQ669
Item number .K27 1966
082 ## - DEWEY DECIMAL CLASSIFICATION NUMBER
Classification number 306.8554
Item number KAM
100 1# - MAIN ENTRY--PERSONAL NAME
Personal name Kapadia, Kanailal Motilal. [from old catalog]
245 10 - TITLE STATEMENT
Title Marriage and family in India/
Statement of responsibility, etc. K. M. Kapadia.
250 ## - EDITION STATEMENT
Edition statement 3rd ed.
260 ## - PUBLICATION, DISTRIBUTION, ETC.
Place of publication, distribution, etc. Bombay:
-- London:
Name of publisher, distributor, etc. Oxford U. P. (Indian Branch),
Date of publication, distribution, etc. 1966.
300 ## - PHYSICAL DESCRIPTION
Extent iii-xxxii, 395 p.:
Other physical details tables.;
Dimensions 23 cm.
500 ## - GENERAL NOTE
General note Includes index
504 ## - BIBLIOGRAPHY, ETC. NOTE
Bibliography, etc. note Bibliography: p. [380]-387.
650 #0 - SUBJECT ADDED ENTRY--TOPICAL TERM
Topical term or geographic name entry element Marriage
Geographic subdivision India.
650 #0 - SUBJECT ADDED ENTRY--TOPICAL TERM
Topical term or geographic name entry element Families
Geographic subdivision India.
906 ## - LOCAL DATA ELEMENT F, LDF (RLIN)
a 0
b cbc
c premunv
d u
e ncip
f 19
g y-gencatlg
942 ## - ADDED ENTRY ELEMENTS (KOHA)
Source of classification or shelving scheme Dewey Decimal Classification
Koha item type Books
Holdings
Withdrawn status Lost status Source of classification or shelving scheme Damaged status Not for loan Collection code Home library Current library Shelving location Date acquired Source of acquisition Total Checkouts Full call number Barcode Date last seen Copy number Price effective from Koha item type Public note
    Dewey Decimal Classification   Not For Loan Non-fiction Asiatic Society Library Asiatic Society Library Harrison Collection 09/13/2020 Donated by Prof. John B. Harrison   306.8554 KAM 100962 09/13/2020 C-1 09/13/2020 Books RARE

Powered by Koha